LEADER 01182nam a2200253 i 4500 001 000000222946 003 CaOOAMICUS 005 20131001000000.0 008 131001s1977 it u000 u ita u 013 $a201843 040 $aSeMil$bita 100 1 $aButtiglione, Rocco,$d<1948- >.$0(OLS)http://semarc/name/15569 245 12$aL'«egemonia» comunista e il problema politico dei cattolici /$cRocco Buttiglione, Luigi Rosa. 260 $aVarese :$bValle Olona,$c1977. 300 $a14 p. ;$c23 cm. 490 0 $aCristiani e societą italiana : contributi per il Movimento Popolare ;$v1 500 $aManca il front. 650 4$aCattolicesimo e politica - Italia.$0(OLS)http://semarc/subject/14957 700 1 $aRosa, Luigi.$0(OLS)http://semarc/name/47924 830 0$aCristiani e societą italiana : contributi per il Movimento Popolare ;$v1.$0(OLS)http://semarc/title/24453 850 $aSeMil 852 $aSeMil$W1$xVenegono$y1$m5D VII 22/14$j173292$B173292$CSeMilBibl$Z2$F183642 $81 996 $6245$aL'«egemonia» comunista e il problema politico dei cattolici$9(OLS)http://semarc/title/319733 996 $6260$aVarese :$bValle Olona$9(OLS)http://semarc/publisher/48611 LEADER 01423nam a2200277 i 4500 001 000000120298 003 CaOOAMICUS 005 20031117000000.0 008 031117s1903 it u000 u ita u 013 $a92992 040 $aSeMil$bita 100 1 $aGallerani, Alessandro .$0(OLS)http://semarc/name/30793 245 12$aI tre Santi esemplari della gioventł :$bS. Luigi Gonzaga, S. Stanislao Kostka, S. Giovanni Berchmans : panegirici del P. Alessandro Gallerani. 250 $a3. ed. 260 $aModena :$bTip. Pontificia ed Arcivescovile dell'Immacolata Concezione,$c1903. 300 $a102 p., [1] c. di tav. ;$c19 cm. 500 $aFondo Card. C.M. Martini. 600 14$aBerchmans, Giovanni .$0(OLS)http://semarc/subject/16606 600 04$aGonzaga, Luigi .$0(OLS)http://semarc/subject/8735 600 04$aStanislao : Kostka .$0(OLS)http://semarc/subject/22636 850 $aSeMil 852 $aSeMil$W1$xVenegono$y1$m3H I 64$j75486$B75486$CSeMilBibl$Z2$F86166 $81 941 1 $a4 961 $aOmaggio: Martini Card. Carlo Maria 996 $6245$aI tre Santi esemplari della gioventł :$bS. Luigi Gonzaga, S. Stanislao Kostka, S. Giovanni Berchmans : panegirici del P. Alessandro Gallerani$9(OLS)http://semarc/title/177002 996 $6260$aModena :$bTip. Pontificia ed Arcivescovile dell'Immacolata Concezione$9(OLS)http://semarc/publisher/32420